Perspectives de l'economie mondiale, Mai 1998 : Etude effectuee par les services du Fonds monetaire international.

Les Perspectives de l'economie mondiale (PEM), publiees deux fois l'an en anglais, francais, espagnol et arabe, presentent des analyses de l'evolution economique mondiale a court et moyen termes, preparees par les principaux economistes du FMI. Les divers chapitres donnent un tour d&#...

Descrición completa

Detalles Bibliográficos
Autor Corporativo: International Monetary Fund. Research Dept
Formato: Revista
Idioma:English
Publicado: Washington, D.C. : International Monetary Fund, 1998.
Series:World Economic Outlook; World Economic Outlook ; No. 1998/001
Acceso en liña:Full text available on IMF
LEADER 01840cas a2200253 a 4500
001 AALejournalIMF012221
008 230101c9999 xx r poo 0 0eng d
020 |c 50.00 USD 
020 |z 9781557757418 
022 |a 1020-1343 
040 |a BD-DhAAL  |c BD-DhAAL 
110 2 |a International Monetary Fund.  |b Research Dept. 
240 1 0 |a Perspectives de l'economie mondiale, Mai 1998: Etude effectuee par les services du Fonds monetaire international.  |l French 
245 1 0 |a Perspectives de l'economie mondiale, Mai 1998 :   |b Etude effectuee par les services du Fonds monetaire international. 
264 1 |a Washington, D.C. :  |b International Monetary Fund,  |c 1998. 
300 |a 1 online resource (252 pages) 
490 1 |a World Economic Outlook 
500 |a <strong>Off-Campus Access:</strong> No User ID or Password Required 
500 |a <strong>On-Campus Access:</strong> No User ID or Password Required 
506 |a Electronic access restricted to authorized BRAC University faculty, staff and students 
520 3 |a Les Perspectives de l'economie mondiale (PEM), publiees deux fois l'an en anglais, francais, espagnol et arabe, presentent des analyses de l'evolution economique mondiale a court et moyen termes, preparees par les principaux economistes du FMI. Les divers chapitres donnent un tour d'horizon de l'economie mondiale, evoquent des questions qui touchent les pays industrialises et ceux en transition vers une economie de marche, et abordent des themes d'actualite. Des annexes, des encadres, des graphiques et un appendice statistique detaille completent le texte. 
538 |a Mode of access: Internet 
830 0 |a World Economic Outlook; World Economic Outlook ;  |v No. 1998/001 
856 4 0 |z Full text available on IMF  |u http://elibrary.imf.org/view/books/081/07988-9781557757418-fr/07988-9781557757418-fr-book.xml  |z IMF e-Library